Alphabet et chiffres en 15 secondes - Statistiques

Statistiques générales
  • Ce quiz a été pris 1 570 fois
  • Le résultat moyen est 24 sur 36
Statistiques - réponses
Nombres/Lettres % Correct
A
90%
E
86%
D
82%
B
80%
C
80%
F
76%
H
76%
G
75%
I
75%
J
72%
1
71%
L
70%
K
69%
O
69%
R
69%
U
69%
M
68%
P
68%
Q
68%
T
68%
N
67%
2
65%
S
65%
3
63%
Z
63%
4
62%
5
61%
Y
61%
V
60%
W
60%
6
59%
7
59%
X
58%
8
57%
9
55%
10
40%
Aucun quiz correspondant
Distribution des résultats
% des personnes avec chaque résultat
Percentile par nombre de réponses
Votre historique - résultats
Vous n’avez pas pris ce quiz